000 01211nam a2200241Ia 4500
999 _c37469
_d37469
001 3430
003 GE_BSU
005 20190618150932.0
008 181216s2010||||ge |||||||||||||| ||geo||
020 _a9789941912894
040 _cGE_BSU
041 _ageo
080 _a634.6(075.8) კ–75
100 _aკოპალიანი, რ.
_92548
245 _aსუბტროპიკული მეხილეობა :
_bსახელმძღვ. სუბტროპიკ. მეურნეობის და სატყეო საქმის სპეც. სტუდ. (ბაკალავრებისათვის) /
_cრ. კოპალიანი, ვ. უგულავა ; [რედ. ა. მიქელაძე].
264 _aქუთაისი,
_bშპს "მბმ-პოლიგრაფი",
_c2010.
300 _a224 გვ. ;
_b20 სმ.
504 _aბიბლიოგრ.: გვ. 218-219.
653 _aსუბტროპიკული მეხილეობა
700 _aუგულავა, ვ.
_eავტორი
_92549
700 _aმიქელაძე, ა.
_eრედაქტორი
_92531
942 _cBK
_2udc